000 00325nam a2200121 a 4500
005 20141022142008.0
008 120228s19uu xx 00 eng d
050 _aCD-ROM
_bD49 2007
100 _aDevon, Michelle
245 _aDesign your own effective employee handbook /
_cMichelle Devon.
260 _c2007.
942 _cAVM
999 _c276609
_d276609